000 00417nam a22001577a 4500
005 20251108164813.0
008 250721s1973 xx 000 0 ara d
082 1 4 _a810.9/هلا
100 1 _aناجي، هلال
245 1 0 _aهوامش تراثية /
264 1 _aبغداد :
_bمطبعة العاني،
_c1973.
300 _a152 ص
650 1 7 _aالأدب العربي
942 _2ddc
_cBK
999 _c14761
_d14761